Wilhelm Meister

Salvato in:
Dettagli Bibliografici
Autore principale: Goethe, Johann Wolfgang von (Autore)
Natura: Libro
Lingua:spagnolo
Pubblicazione: Barcelona Ramón Sopena S. A 1967
Edizione:1a. ed
Serie:Biblioteca Sopena, 44-3
Soggetti:
Tags: Aggiungi Tag
Nessun Tag, puoi essere il primo ad aggiungerne!!

MARC

LEADER 00000cam a2200000 a 4500
001 UCE7169
003 CL-VaPUC
008 150529e19670000sp |||||||||||||||||spa|d
082 0 4 |a 833  |b GOE  |2 21 
100 |a Goethe, Johann Wolfgang von  |e author  |9 579858 
245 1 0 |a Wilhelm Meister 
250 |a 1a. ed 
300 |a 780 p 
942 |c BK 
945 |d 20150529 15:00:00  |a dcastane 
260 |a Barcelona  |b Ramón Sopena S. A  |c 1967 
650 0 |a Novelas alemanas   |9 265783 
650 0 |a Literatura alemana   |9 265457 
583 |a last modification  |c 20150529 15:00:00  |k Rodrigo Vera 
490 0 |a Biblioteca Sopena, 44-3 
999 |c 359292  |d 359290 
952 |0 0  |1 0  |3 erb  |4 0  |6 833_000000000000000_GOE_1967  |7 0  |8 A  |9 468441  |a BIBEDU  |b BIBEDU  |e Villagrán Garnham, Jorge  |i 5176298  |o 833 GOE 1967  |p 5176298  |r 2019-11-23  |w 2019-11-23  |y BK  |z Catalogado en:20150529  |k LIT